000 00208nam a2200097Ia 4500
008 240331s9999 xx 000 0 und d
082 _a302.234
_bKUM
100 _aKumar,A
245 0 _aAkira kurosawa
942 _cL
999 _c1275
_d1275